00731 2200193 4500001002100000005001700021008004100038035002400079082001100103090001700114100001600131245018700147260006700334300003400401500002500435504002700460650003200487990001800519YOGYA-0213000000135920130228140448.0 ind  0010-021300000001359 a307.72 a307.72 Abd A aABDUL MALIK aAnalisa seman sebagai sarana pemberdayaan masyarakat lapis bawah : suatu penelitian di Dusun Kalimenur, Desa Sukoreno Kecamatan Sentolo Kab. Progo Prov DIY / disusun oleh Abdul Malik aYogyakartabSekolah Tinggi Pembangunan Masyarakat "Desa"c2004 a80(12) lbrbilus, lampc29 cm aSkripsi STPMD "APMD" aBibliografi: lbr 81-82 aMasyarakat desa,pembangunan a44261-PD/A.12